000 00402nam a2200169Ia 4500
003 GCL
008 140319s9999 xx 000 0 aRus d
040 _aGCL /
_cGCL
082 0 4 _a862
_bS M
245 1 0 _aLAS MONOS SUCIAS
260 _a[S.N] :
_bALIANZA EDITORIAL ،
_c1986
300 _a229P
650 0 4 _aLITERATURE
650 0 4 _aSPANISH LITERATURE
650 0 4 _aSPANISH DRAMA
942 _2ddc
_cBK
999 _c11438
_d11438